000 00644nam a2200193Ii 4500
003 JO-AjNU
008 230605s9999||||xx |||||||||||||| ||und||
040 _aJO-AjNU
_bara
_erda
_cJO-AjNU
041 _aara
050 1 4 _a LC4704 .Z3374 2010
100 3 _aالظاهر، قحطان,
_eauthor
_929074
245 0 0 _aصعوبات التعلم
250 _aط3
264 3 1 _aعمان: دار وائل 2010
336 _atext
_btxt
_2rdacontent
337 _aunmediated
_bn
_2rdamedia
338 _avolume
_bnc
_2rdacarrier
650 4 _aصعوبات التعلم - الأطفال بطيئو التعلم - علم النفس التربوي
_929075
999 _aA11357
_c14925
_d14925